|
|
|
|
| LEADER |
02042nam a2200517 a 4500 |
| 001 |
nkc20142594506 |
| 003 |
CZ PrNK |
| 005 |
20140711083736.0 |
| 007 |
ta |
| 008 |
140609s2014 xr a b p 001 0 cze |
| 015 |
|
|
|a cnb002594506
|
| 020 |
|
|
|a 978-80-7289-575-5
|q (váz.)
|
| 035 |
|
|
|a (OCoLC)886605224
|
| 040 |
|
|
|a OLA001
|b cze
|d ABA001
|
| 072 |
|
7 |
|a 82
|x Literatura. Literární život
|2 Konspekt
|9 11
|
| 072 |
|
7 |
|a 37.016
|x Učební osnovy. Vyučovací předměty. Učebnice
|2 Konspekt
|9 22
|
| 080 |
|
|
|a 82:37.016
|2 MRF
|
| 080 |
|
|
|a (075.2)
|2 MRF
|
| 080 |
|
|
|a (075)028
|2 MRF
|
| 100 |
1 |
|
|a Horáková, Zdenka
|7 xx0085066
|4 aut
|
| 245 |
1 |
0 |
|a Čítanka pro 2. ročník /
|c [zpracovaly Zdenka Horáková, Zita Janáčková, Eva Procházková ; ilustrovali Andrea Schindlerová, Jitka Krejčiříková, Jiří Růžička]
|
| 246 |
1 |
|
|i Název v tiráži:
|a Čítanka pro 2. ročník základní školy
|
| 246 |
3 |
0 |
|a Čítanka
|
| 250 |
|
|
|a 3. vyd.
|
| 260 |
|
|
|a Brno :
|b Nová škola,
|c 2014
|
| 300 |
|
|
|a 167 s. :
|b il. (převážně barev.) ;
|c 25 cm
|
| 490 |
1 |
|
|a Duhová řada
|
| 500 |
|
|
|a Obsahuje rejstřík
|
| 650 |
0 |
7 |
|a literární výchova
|7 ph117228
|2 czenas
|
| 650 |
0 |
9 |
|a literary education
|2 eczenas
|
| 655 |
|
7 |
|a učebnice základních škol
|7 fd133773
|2 czenas
|
| 655 |
|
7 |
|a čítanky
|7 fd133984
|2 czenas
|
| 655 |
|
9 |
|a textbooks (elementary)
|2 eczenas
|
| 655 |
|
9 |
|a readers
|2 eczenas
|
| 700 |
1 |
|
|a Janáčková, Zita,
|d 1967-
|7 xx0086004
|4 aut
|
| 700 |
1 |
|
|a Procházková, Eva
|7 jx20040617018
|4 aut
|
| 700 |
1 |
|
|a Schindlerová, Andrea
|7 ola2011623975
|4 ill
|
| 700 |
1 |
|
|a Krejčiříková, Jitka
|7 xx0028574
|4 ill
|
| 700 |
1 |
|
|a Růžička, Jiří
|7 jx20040610010
|4 ill
|
| 830 |
|
0 |
|a Duhová řada
|0 s
|
| 910 |
2 |
|
|a BOA001
|b 2-1329.063
|
| 990 |
|
|
|a BK
|
| 995 |
|
|
|a 01
|
| 991 |
|
|
|b 201407
|c NOV
|j 82 HOR
|e n
|
| 996 |
6 |
|
|b 2610596333
|c 2-1329.063
|l MZK
|r Sklad / do 1 hodiny
|n 0
|p p.v.
|w 001433681
|u 000010
|a 1
|e BOA001
|j MZK50
|s P
|
| 996 |
7 |
|
|b 2610596334
|c 2-1329.063
|l MZK
|r Sklad / do 1 hodiny
|n 3
|p p.v.
|w 001433681
|u 000020
|a 1
|e BOA001
|j MZK50
|s A
|